banner-ar

الفن والجمال في عصر النهضة / (Record no. 63741)

MARC details
000 -الفاتح
حقل البيانات ثابتة الطول 00960nam a22002657a 4500
005 - وقت وتاريخ اخر تعامل مع التسجيلة
رقم الضبط 20240530110656.0
008 - عناصر البيانات ثابتة الطول - معلومات عامة
حقل البيانات ثابتة الطول 171220s2002 ua fk f b 000 0 ara d
017 ## - رقم الايداع القانونى
رقم الايداع القانونى 98/4062
المصدر ( الهيئة المختصة) مصر . دار الكتب المصرية
020 ## - الرقم الدولى المعيارى للكتب
الرقم الدولى المعيارى للكتاب 9771956493
040 ## - مصدر الفهرسة
وكالة الفهرسة الأصلية EG-CaGPL
082 04 - رقم تصنيف ديوى العشرى
رقم الطبعة 21
رقم التصنيف 709.024/
رقم المادة م ف
100 0# - المدخل الرئيسى - إسم شخصى
الإسم الشخصى محسن محمد عطية .
245 12 - بيان العنوان
العنوان الفن والجمال في عصر النهضة /
بيان المسئوليه,etc محسن محمد عطية .
260 ## - PUBLICATION, DISTRIBUTION, ETC. (IMPRINT)
تاريخ النشر أو التوزيع 2002 .
300 ## - الوصف المادى
التعداد 210 ص :
تفاصيل ماديه اخرى للوعاء ايض ؛
أبعاد الوعاء 24 سم
504 ## - تبصرة ببليوجرافية
تبصرة ببليوجرافية,الخ ببليوجرافية : ص 206 - 209
650 07 - المدخل الاضافى بالموضوع-مصطلح موضوعى
مصدر الرأس أو المصطلح qrmak
مصطلح موضوعي الفن القوطي
650 07 - المدخل الاضافى بالموضوع-مصطلح موضوعى
مصدر الرأس أو المصطلح qrmak
مصطلح موضوعي النحت
التقسيم الفرعي العام تاريخ
650 07 - المدخل الاضافى بالموضوع-مصطلح موضوعى
مصدر الرأس أو المصطلح qrmak
مصطلح موضوعي التصوير
التقسيم الفرعي العام تاريخ
650 07 - المدخل الاضافى بالموضوع-مصطلح موضوعى
مصدر الرأس أو المصطلح qrmak
مصطلح موضوعي عصر النهضة (1300 - 1494)
653 04 - مصطلح تكشيفى غير مقيد
مصطلح غير مقيد مايكل انجلو
653 04 - مصطلح تكشيفى غير مقيد
مصطلح غير مقيد ليوناردو دافنشي
942 ## - عناصر المدخل الإضافي( كوها)
مصدر التصنيف او مخطط الترفيف Dewey Decimal Classification
Koha [default] item type كتاب
260 ## - PUBLICATION, DISTRIBUTION, ETC. (IMPRINT)
-- القاهرة :
-- عالم الكتب ،
Holdings
حالة التراجع حالة الفقد حالة تلف ليس للاعارة المكان المؤقت الموقع الحالى تاريخ الاكتساب اجمالي اﻻعارات رقم الطلب الباركود تاريخ اخر مشاهدة تاريخ تفعيل السعر نوع وعاء كوها
        مكتبة الحضارة الاسلامية مكتبة الحضارة الاسلامية 12/20/2017   709.024/ م ف 163851 12/20/2017 12/20/2017 كتاب

Powered By

EGPV